Estadísticas para Presidentes Radicales en Argentina

Haz click aquí para intentar la prueba.

Estadísticas generales

  • Esta prueba ha sido intentada 95 veces
  • La puntuación promedio es 7 de 8

Estadísticas de respuestas

AñosPresidente% Correcto
1999-2001Fernando de la Rúa
99%
1983-1989Raúl Alfonsín
97%
1928-1930Hipólito Yrigoyen
95%
1916-1922Hipólito Yrigoyen
95%
1958-1962Arturo Frondizi
87%
1963-1966Arturo Umberto Illia
86%
1922-1928Marcelo Torcuato de Alvear
75%
1962-1963José María Guido
49%

Distribución de puntuación

Porcentaje por número respondido

Porcentaje de gente con cada puntuación

Historial de tus puntuaciones

No has intentado esta prueba.